000 02803cam a22005414i 4500
003 PE-LiUPU
005 20250731172940.0
008 960617r19961992miu b 001 0 eng
020 _a0310212685
020 _a9780310212683
035 _a(Sirsi) i9780310212683
040 _aPE-LiUPU
_bspa
_cPE-LiUPU
_erda
049 _aPRUA
082 0 0 _a236.25
_bF78
245 0 0 _aFour views on hell /
_cWilliam Crockett, general editor.
264 _aGrand Rapids, Mich. :
_bZondervan Publishing,
_c©1996.
300 _a190 páginas. ;
_c21 centímetros.
336 _atext
_2rdacontent
337 _aunmediated
_2rdamedia
338 _avolume
_2rdacarrier
490 1 _aCounterpoints
500 _aOriginally published: Grand Rapids, Mich. : Zondervan, 1992.
504 _aÍndice: páginas 179-190.
505 0 0 _tThe literal view /
_rJohn W. Walvoord -- tThe metaphorical view /
_rWilliam V. Crockett -- The purgatorial view /
_rZachary J. Hayes -- tThe conditional view /
_rClark H. Pinnock.
520 _aSe infierno para ser entendido literalmente como un lugar de humo y las llamas eternas ? O son estas imágenes simplemente metáforas de una forma real, pero diferente de la pena ? ¿Hay una cosa tal como " inmortalidad condicional ", en la que Dios aniquila las almas de los malvados en lugar de castigarlos sin fin ? ¿Hay un Purgatorio , y si es así , cómo encaja en el cuadro? El foro contrapuntos interactivo permite al lector ver los cuatro puntos de vista sobre el infierno - literal y metafórica , condicionales , y purgatorio - en interacción con los demás . se presenta cada vista a su vez , criticado , y defendió . Descripción de la editorial --de .
526 _aSEG42
526 _aSEG41
526 _aSEG40
526 _aSEG39
526 _aP94
526 _aP87
526 _aP86
526 _aP85
526 _aP77
526 _aP76
526 _aP35
650 0 _aInfierno
_xcristianismo.
700 1 _aCrockett, William V.
_eeditor
910 _ajck
_bbpc
_cbpc
_d20160526
942 _2ddc
_cBOOK
949 _a236.25 F34
_wDEWEY
_c1
_i44532
_lCCODEBUL1
_mBUL
_r0
_sY
_tBOOK
_u2015-6-24
_xTEOLOGIA
_PP35
_0COMPRA
_o.STAFF. Colección General
949 _a236.25 F78
_wDEWEY
_c1
_i72809
_lCCODEBUL1
_mBUL
_p16.99
_r0
_sY
_tBOOK
_u2016-5-26
_xTEOLOGIA
_PP35
_0COMPRA
_o.STAFF. Colección General
994 _aC0
_bPEPRU
596 _a1
999 _a236.25 F34
_wDEWEY
_c21415
_i44532
_f2021-11-11
_g5
_lCCODEBUL1
_mBUL
_r0
_sY
_tBOOK
_u2015-6-24
_xTEOLOGIA
_PP35
_0COMPRA
_o.STAFF. Colección General
_d21415
999 _a236.25 F78
_wDEWEY
_c1
_i72809
_f2021-11-11
_g5
_lCCODEBUL1
_mBUL
_p16.99
_r0
_sY
_tBOOK
_u2016-5-26
_xTEOLOGIA
_PP35
_0COMPRA
_o.STAFF. Colección General
980 _81
_gALBERTO SANCHEZ Responsable de Automatización